000 01052nam a2200253 i 4500
001 15946
003 ES-MaACL
005 20250808062718.0
007 t|
008 000525s2002 sp ||||1| spa d
020 _a84-7914-533-1
080 _a081 Ayala, Angel
100 1 _aAyala, Angel.
_924105
245 1 0 _aObras completas.
_nIV /
_cAngel Ayala ; edición preparada por José Luis Gutiérrez García.
260 _aMadrid :
_bBiblioteca de Autores Cristianos,
_c2002.
300 _aXXVI, 883 p. :
_bretr. autor ;
_c20 cm.
490 1 _aBiblioteca de autores cristianos ;
_v622
500 _aAcceso al tomo III.
505 8 _aContiene: Vol. IV: Un alto en el camino... Arte de gobernar. Consejos a los universitarios. Recuerdos y criterios de un viejo de ochenta y ocho años. Pensamientos sobre la vida. Palabras del P. Angel Ayala a los propagandistas.
700 1 _aGutiérrez García, José Luis.
_961152
830 0 0 _aBiblioteca de autores cristianos
_v622
_9178679
852 _aES-MaACL
_jJ-609
_bR.128325
999 _c15946
_d15946